Easy Sketchup 7 เรียนรู้การใช้งานตั้งแต่พื้นฐานไปจนถึงระดับมืออาชีพ / บุญทรัพย์ วิชญางกูร...[และคนอื่นๆ]
| Main Author: | บุญทรัพย์ วิชญางกูร |
|---|---|
| Other Authors: | ภคพงศ์ ภัทราคม, อลงกรณ์ แดงก้อ, เอกชัย นันทพลชัย |
| Format: | MONOGRAPHS |
| Language: | Thai |
| Published: |
นนทบุรี : ไอดีซี พรีเมียร์, 2553 |
| Subjects: |
การออกแบบสถาปัตยกรรม
คอมพิวเตอร์ออกแบบ สเก็ตซ์อัพ (โปรแกรมคอมพิวเตอร์) |
| Tags: |
Add
No Tags, Be the first to tag this record!
|
| LEADER | 01495nam a2200229 a 4500 | ||
|---|---|---|---|
| 001 | 0048559 | ||
| 003 | Th-MUT | ||
| 008 | 181106s9999 xx 000 0 tha d | ||
| 020 | |a 9786162000782 |c 249 | ||
| 040 | |a DLC |c MUT | ||
| 050 | 4 | |a T385 |b บ72ส73 | |
| 100 | 0 | |a บุญทรัพย์ วิชญางกูร | |
| 245 | 1 | 0 | |a Easy Sketchup 7 เรียนรู้การใช้งานตั้งแต่พื้นฐานไปจนถึงระดับมืออาชีพ |b / |c บุญทรัพย์ วิชญางกูร...[และคนอื่นๆ] |
| 260 | |a นนทบุรี : |b ไอดีซี พรีเมียร์, |c 2553 | ||
| 300 | |a 340 หน้า : |b ภาพประกอบ ; |c 19 ซม. + ซีดี-รอม | ||
| 650 | 7 | |a การออกแบบสถาปัตยกรรม | |
| 650 | 7 | |a คอมพิวเตอร์ออกแบบ | |
| 650 | 7 | |a สเก็ตซ์อัพ (โปรแกรมคอมพิวเตอร์) | |
| 700 | 0 | |a ภคพงศ์ ภัทราคม | |
| 700 | 0 | |a อลงกรณ์ แดงก้อ | |
| 700 | 0 | |a เอกชัย นันทพลชัย | |
| 991 | |a MONOGRAPHS |b 7 |c 2018-11-08 08:46:12 |d 2022-02-06 15:09:38 |e mut |f n |g null |h n |i a |j m |k |l a |m |n a |o |p b |q |r th |s tha |t 2553 |v Easy Sketchup 7 เรียนรู้การใช้งานตั้งแต่พื้นฐานไปจนถึงระดับมืออาชีพ / | ||
